L'Antarctique en images - Statistiques

Statistiques générales
  • Ce quiz a été pris 442 fois
    308 depuis la dernière actualisation
  • Le résultat moyen est 7 sur 18
Statistiques - réponses
Par images Hint Réponse % Correct
98 % de sa surface Glace
96%
Animal Manchot empereur
95%
Animal Phoque de Weddell
77%
Phénomène climatique Fonte des glaces | Changement climatique
60%
Point géographique Pôle Sud
58%
Territoire revendiqué par la France Terre Adélie
51%
Officier de la Marine nationale, Jacques-Yves Cousteau
47%
Pays qui ont le plus de territoires renvendiqués Australie | Norvège
44%
Roman Vingt Mille Lieues sous les mers
41%
Navigateur James Cook
37%
Phénomène Aurore australe
32%
Archipel sub-antarctiques Îles Kerguelen
22%
Marin norvégien Roald Amundsen
17%
Année du Traité sur l'Antarctique 1959
15%
Film The Thing
14%
Base française Dumont-d'Urville
12%
Point Culminant Mont Vinson
6%
Roman La Nuit des temps
4%
Aucun quiz correspondant
Distribution des résultats
% des personnes avec chaque résultat
Percentile par nombre de réponses
Votre historique - résultats
Vous n’avez pas pris ce quiz depuis la dernière actualisation